| 000 | 01167nam a22002657a 4500 | ||
|---|---|---|---|
| 001 | 9688 | ||
| 003 | FISKH | ||
| 005 | 20260129145010.0 | ||
| 008 | 260129b cb ||||| |||| 00| 0 eng d | ||
| 040 |
_aFISKH _beng _cFISKH _dFISKH |
||
| 050 | _aPZ7 | ||
| 082 | _a813.54 | ||
| 100 |
_aHazen, Barbara Shook _eAuthor |
||
| 245 |
_aRaggedy Ann and Andy : _band the rainy-day circus / _cby Barbara Shook Hazen ; illustrated by June Goldsborough |
||
| 260 |
_aWisconsin : _bGolden Press , _c1979 |
||
| 300 |
_a22 unnumbered pages : _bcolor illustrations ; _c20 cm |
||
| 505 | _aE | ||
| 520 | _aIn Raggedy Ann and Andy and the Rainy-Day Circus, Raggedy Ann and Andy’s friend Marcella plans to go to the circus, but rain washes out the outing. To keep things fun, the beloved rag dolls and their toy friends decide to put on their own circus show right in the nursery — performing circus tricks and sharing laughter while they wait for Marcella to return. | ||
| 521 | 8 |
_a200
_bLexile estimate |
|
| 521 | 8 |
_aE
_bRaz-Plus |
|
| 650 |
_aChildren’s picture book _vCircus |
||
| 700 |
_aGoldsborough, June _eIllustrator |
||
| 942 |
_2ddc _cBK _n0 |
||
| 999 |
_c9688 _d9688 |
||